000 00420nam a22001697a 4500
005 20241021092329.0
008 241021b |||||||| |||| 00| 0 eng d
020 _a97803491006533
082 _a942
_bNEL-L
100 _aNelson Mandela
245 _aLong Walk to Freedom /
_cNelson Mandela
260 _aUK
_bGreat British
_c1994
300 _a768p.
_bill;
_c22cm.
650 _aLiterature
999 _c36687
_d36687